| 000 | 00818nam a22002297a 4500 | ||
|---|---|---|---|
| 999 |
_c10910 _d10910 |
||
| 003 | AR-CdUCM | ||
| 008 | 190402b ||||| |||| 00| 0 spa d | ||
| 040 |
_aMUNICIPALIDAD PROVINCIAL DEL CUSCO _cBIBLIOTECA MUNICIPAL DEL CUSCO |
||
| 082 |
_a218 / _bS56 / 1935 |
||
| 100 |
_aSimmel, Jorge _927985 |
||
| 245 |
_aEl problema de la situación religiosa : _bla personalidad de Dios / |
||
| 260 |
_aSantiago de Chile : _bCultura, _c1935. |
||
| 300 |
_a136 páginas ; _c19 cm. |
||
| 440 |
_aHombres e ideas ; _927967 |
||
| 505 | _aContenido: El problema de la situación religiosa -- la personalidad de Dios -- Mirabeau o el político -- Kant. | ||
| 650 |
_aReligión _91195 |
||
| 650 |
_aDios _91427 |
||
| 650 |
_aApologética _925705 |
||
| 700 |
_aOrtega y Gasset, José _95772 |
||
| 942 |
_2ddc _cLIBROS |
||
| 945 | _aacv | ||